| 000 | 00891nam a2200217 a 4500 | ||
|---|---|---|---|
| 008 | 120416s2000 ||||||||||||||||| || u | ||
| 020 | _a1901396126 | ||
| 050 | _aSB 950.95 Pes | ||
| 100 | _aTomlin, C. D. S | ||
| 245 | 1 | 4 |
_aThe pesticide manual : a world compendium. (12th ed.) _cedited by C. D. S. Tomlin |
| 250 | _a12th ed. | ||
| 260 |
_aFanham, Surrey _bBritish Crop Protection Council _c2000 |
||
| 300 | _axvi, 1250p. : ill. | ||
| 350 | _a0.00 | ||
| 650 | _aPESTICIDES--HANDBOOKS, MANUALS, ETC | ||
| 650 | 0 | _aCHEMISTRY, AGRICULTURE | |
| 650 | _aPESTICIDES | ||
| 710 | _aBritish Crop Protection Council | ||
| 995 |
_aREFERENCE BOOKS _D0.00 _e735677 _FCBU-MAIN LIBRARY (Kitwe) _H1 _I95.00 _jSB 950.95 Pes _M1 _UREFERENCE _y48654 _ZReference Collection |
||
| 995 |
_aREFERENCE BOOKS _D0.00 _e735678 _FCBU-MAIN LIBRARY (Kitwe) _H2 _I95.00 _jSB 950.95 Pes _M2 _UREFERENCE _y48655 _ZReference Collection |
||
| 999 |
_c81853 _d81853 |
||